000 00613nam a2200229Ia 4500
003 OSt
005 20220918192958.0
006 a|||||r|||| 00| 0
007 ta
008 220917b |||||||| |||| 00| 0 eng d
024 _a71,365
037 _cTextual
040 _aARTS
_cARTS
_beng
041 _2eng
_aeng
082 _aR3xM872, J4-;1
100 _aMarcel G
_980781
245 0 _aPhilosophy of existence tr by Mayan Harari
260 _aN York
_bBook of library press
_c1954
300 _aviii, 96p.
_ccm.
942 _hR3xM872, J4-;1
_cTEXL
_2CC
999 _c197438
_d197438